000 004040000a22001810004500
003 MACL
005 20150916100148.0
008 150916b xxu||||| |||| 00| 0 eng d
040 _aMACL
_cMACL
041 _aEnglish
082 _a823/JAL
100 _aKroger, Merie
_911331
245 _aCut
260 _bKatha
_c2006
_aNew Delhi
350 _a295
650 _aFicition
_911332
942 _cBK
_k823
_2ddc
999 _c8429
_d8429